| 000 | 00698cab a2200253 4500 | ||
|---|---|---|---|
| 001 | ABS60437 | ||
| 008 | 090401t1999 xxu||||| |||| 00| 0 eng d | ||
| 035 | _a(Sirsi) u93208 | ||
| 041 | _aeng | ||
| 100 | _aLo, S.M. | ||
| 245 | 4 | _aThe use of thermography for the detection of external finishes defects of buildings in Hong Kong | |
| 260 | _c1999 | ||
| 350 | _a0 | ||
| 490 |
_aStructural Survey _v17 (1) 1999, 22-26(5) |
||
| 650 | _aBUILDING SURVEYS | ||
| 650 | _aDEFECTS | ||
| 650 | _aEXTERNAL FINISHES | ||
| 650 | _aHONG KONG | ||
| 650 | _aINFRA-RED THERMOGRAPHY | ||
| 650 | _aTHERMOGRAPHY | ||
| 690 | _aBUILT ENVIRONMENT-BUILDING INSPECTION | ||
| 942 | _n0 | ||
| 948 | _c07/05/1999 | ||
| 999 |
_c59076 _d59076 |
||